| 000 | 00366nam a2200121 4500 | ||
|---|---|---|---|
| 999 |
_c11535 _d11535 |
||
| 003 | OSt | ||
| 008 | 230529b ||||| |||| 00| 0 eng d | ||
| 020 | _a9780471741893 | ||
| 100 | _aFrancis D K Ching Steven R Winkel | ||
| 245 | _aBuilding codes illustrated ;A Guide to understanding the 2006b international building code | ||
| 260 | _bWily publishing | ||
| 942 | _2ddc | ||